Rejestracje woj.opolskiego - Statystyki

Ogólne statystyki
  • Ten quiz został rozwiązany 51 razy
  • Średni wynik to 7 z 12
Statystyki odpowiedzi
Rejestracja Powiat % Poprawnych
OP Opole
98%
OPO Opolski
73%
ONY Nyski
63%
OKL Kluczborski
60%
OKR Krapkowicki
60%
OB Brzeski
58%
OGL Glubczycki
58%
ONA Namysłowski
58%
OST Strzelecki
58%
OK Kędzierzyńsko-Kozielski
55%
OOL Oleski
55%
OPR Prudnicki
55%
Nie znaleziono quizów pasujących do podanych kryteriów
Rozkład punktacji
Procent ludzi z każdym wynikiem
Percentyl według liczby udzielonych odpowiedzi
Twoja historia wyników
Nie rozwiązałeś tego quizu